[Event "Pardubice Czech op-A 31st"]
[Site "Pardubice"]
[Date "2020.09.28"]
[Round "9"]
[White "Schimnatkowski, Lukas"]
[Black "Csiki, Endre"]
[Result "1/2-1/2"]
[WhiteElo "2148"]
[BlackElo "2276"]
[PlyCount "40"]
[EventDate "2020.09.21"]
[EventType "swiss"]
[EventRounds "9"]
[EventCountry "CZE"]
[SourceTitle "CBM 198 Extra"]
[Source "ChessBase"]
[SourceDate "2020.11.30"]
[SourceVersion "1"]
[SourceVersionDate "2020.11.30"]
[SourceQuality "1"]

1. e4 e6 2. d4 d5 3. Nd2 b6 4. Bd3 Nf6 5. e5 Nfd7 6. Ne2 c5 7. c3 Ba6 8. Bxa6 Nxa6 9. 0-0 Be7 10. Nf3 0-0 11. Nf4 Rc8 12. Be3 Nab8 13. Qd2 Nc6 14. Nh5 g6 15. Ng3 b5 16. Bh6 Re8 17. Rfe1 cxd4 18. cxd4 Nb4 19. Rad1 Rc2 20. Qf4 Bf8 1/2-1/2

[Event "Pardubice Czech op-A 31st"]
[Site "Pardubice"]
[Date "2020.09.22"]
[Round "2"]
[White "Krasteva, Beloslava"]
[Black "Schimnatkowski, Lukas"]
[Result "1/2-1/2"]
[WhiteElo "2296"]
[BlackElo "2148"]
[PlyCount "72"]
[EventDate "2020.09.21"]
[EventType "swiss"]
[EventRounds "9"]
[EventCountry "CZE"]
[SourceTitle "CBM 198 Extra"]
[Source "ChessBase"]
[SourceDate "2020.11.30"]
[SourceVersion "1"]
[SourceVersionDate "2020.11.30"]
[SourceQuality "1"]

1. d4 Nf6 2. c4 e6 3. Nc3 Bb4 4. e3 b6 5. Nge2 c5 6. a3 Ba5 7. Rb1 Qe7 8. Ng3 Bb7 9. f3 0-0 10. Bd3 d5 11. 0-0 cxd4 12. Nce2 dxc4 13. Bxc4 b5 14. Bxb5 dxe3 15. Bxe3 Nd5 16. Bf2 Bb6 17. Bxb6 axb6 18. Qb3 Qc5+ 19. Kh1 Ba6 20. Bxa6 Nxa6 21. Rfc1 Qf2 22. Ne4 Qxe2 23. Re1 Nc5 24. Nxc5 Qd2 25. Rbd1 Qa5 26. Nd7 Rfd8 27. Ne5 Rac8 28. Qd3 h6 29. h3 Qa4 30. Rd2 Qh4 31. Qe4 Qxe4 32. Rxe4 Rc1+ 33. Kh2 Rdc8 34. Nd3 R1c2 35. Ree2 Rxd2 36. Rxd2 Rc4 1/2-1/2

[Event "DSOL 01 Liga Gr-A 1st"]
[Site "Playchess.com INT"]
[Date "2020.07.17"]
[Round "4.3"]
[White "Schimnatkowski, Lukas"]
[Black "Sattler, Stefan"]
[Result "1/2-1/2"]
[WhiteElo "2153"]
[BlackElo "2084"]
[PlyCount "94"]
[EventDate "2020.06.22"]
[EventType "team-tourn (rapid)"]
[EventCountry "GER"]
[SourceTitle "EXT 2021"]
[Source "ChessBase"]
[SourceDate "2020.10.23"]
[SourceVersion "1"]
[SourceVersionDate "2020.10.23"]
[SourceQuality "1"]
[WhiteTeam "Essen Katernberg"]
[BlackTeam "Herzogenaurach"]
[WhiteTeamCountry "GER"]
[BlackTeamCountry "GER"]

1. e4 e5 2. Nf3 Nc6 3. Bc4 Nf6 4. 0-0 Nxe4 5. Qe2 d5 6. Bb5 Bc5 7. Nxe5 0-0 8. Nxc6 bxc6 9. Bxc6 Rb8 10. Nc3 Nxc3 11. dxc3 Qd6 12. Bb5 Rxb5 13. Qxb5 Ba6 14. Qa4 Bxf1 15. Kxf1 Qxh2 16. Qd7 Qh1+ 17. Ke2 Qxg2 18. Be3 Bxe3 19. Kxe3 Qe4+ 20. Kd2 Re8 21. Rg1 g6 22. Kc1 Re7 23. Qd8+ Kg7 24. b3 h5 25. Kb2 c6 26. a4 Qe6 27. Qb8 Qe5 28. Qb4 Qf6 29. Qc5 a6 30. f4 Re6 31. Qf2 Re4 32. Rf1 d4 33. cxd4 Qxd4+ 34. Qxd4+ Rxd4 35. Kc3 Re4 36. Kd3 f5 37. a5 Kh6 38. c3 c5 39. b4 c4+ 40. Kd2 h4 41. Re1 Rxf4 42. b5 axb5 43. a6 Rf2+ 44. Re2 Rf1 45. Re1 Rf2+ 46. Re2 Rf1 47. Re1 Rf2+ 1/2-1/2

[Event "Pfalz op-A 11th"]
[Site "Neustadt an der Weinstrasse"]
[Date "2020.02.24"]
[Round "7"]
[White "Schimnatkowski, Lukas"]
[Black "Browning, Alex"]
[Result "1/2-1/2"]
[WhiteElo "2116"]
[BlackElo "2275"]
[PlyCount "82"]
[EventDate "2020.02.21"]
[EventType "swiss"]
[EventRounds "9"]
[EventCountry "GER"]
[SourceTitle "CBM 195 Extra"]
[Source "ChessBase"]
[SourceDate "2020.05.31"]
[SourceVersion "1"]
[SourceVersionDate "2020.05.31"]
[SourceQuality "1"]

1. c4 g6 2. Nc3 Bg7 3. g3 c5 4. Bg2 Nc6 5. e4 e6 6. Nge2 Nge7 7. d3 0-0 8. 0-0 a6 9. a4 Rb8 10. Rb1 d6 11. Be3 e5 12. f4 exf4 13. gxf4 Re8 14. Kh1 Nf5 15. Bf2 Nh4 16. Qd2 Nd4 17. Nxd4 cxd4 18. Nd5 Be6 19. Bxh4 Qxh4 20. Nc7 Re7 21. Nxe6 Rxe6 22. Qf2 Qh5 23. b4 g5 24. Bf3 g4 25. Bd1 f5 26. Rg1 Rg6 27. Qg3 Kh8 28. exf5 Qxf5 29. Bxg4 Qf7 30. Rbf1 Rf8 31. Qf3 Rf6 32. Qe4 Rh6 33. a5 Re8 34. Qf5 Rf6 35. Qd5 Qe7 36. Bh3 Ref8 37. Bg2 R6f7 38. Be4 Qh4 39. Qg5 Qxg5 40. Rxg5 Bh6 41. Rg4 Re7 1/2-1/2

[Event "Oberliga NRW 1920"]
[Site "Germany"]
[Date "2020.02.16"]
[Round "6.8"]
[White "Ortmeier, Leonhard"]
[Black "Schimnatkowski, Lukas"]
[Result "1/2-1/2"]
[WhiteElo "2223"]
[BlackElo "2147"]
[PlyCount "57"]
[EventDate "2019.09.15"]
[EventType "team-tourn"]
[EventRounds "9"]
[EventCountry "GER"]
[SourceTitle "EXT 2022"]
[Source "ChessBase"]
[SourceDate "2021.10.06"]
[SourceVersion "1"]
[SourceVersionDate "2021.10.06"]
[SourceQuality "1"]
[WhiteTeam "Muenster"]
[BlackTeam "Essen Katernberg"]
[WhiteTeamCountry "GER"]
[BlackTeamCountry "GER"]

1. Nf3 c5 2. c4 Nf6 3. Nc3 e6 4. g3 b6 5. Bg2 Bb7 6. 0-0 Be7 7. d4 cxd4 8. Qxd4 d6 9. b3 0-0 10. Bb2 a6 11. Rac1 Nbd7 12. Rfd1 Qc7 13. Ne1 Rfd8 14. e4 Bf8 15. Nc2 Rac8 16. Ne3 Qb8 17. b4 Ne5 18. f3 Nc6 19. Qd2 Nxb4 20. Na4 d5 21. cxd5 Rxc1 22. Rxc1 exd5 23. e5 d4 24. exf6 dxe3 25. Qxe3 Nd5 26. Qb3 Nxf6 27. Nxb6 Nd5 28. Nc4 Nb4 29. Rd1 1/2-1/2

[Event "GER-chT U20"]
[Site "Braunschweig"]
[Date "2019.12.29"]
[Round "5.5"]
[White "Rauch, Soeren"]
[Black "Schimnatkowski, Lukas"]
[Result "1/2-1/2"]
[WhiteElo "1901"]
[BlackElo "2157"]
[PlyCount "73"]
[EventDate "2019.12.27"]
[EventType "team-swiss"]
[EventRounds "7"]
[EventCountry "GER"]
[SourceTitle "CBM 194 Extra"]
[Source "ChessBase"]
[SourceDate "2020.03.31"]
[SourceVersion "1"]
[SourceVersionDate "2020.03.31"]
[SourceQuality "1"]
[WhiteTeam "Trier SG"]
[BlackTeam "Essen Katernberg"]
[WhiteTeamCountry "GER"]
[BlackTeamCountry "GER"]

1. d4 Nf6 2. Nf3 e6 3. Bf4 b5 4. e3 a6 5. Be2 Bb7 6. 0-0 c5 7. c4 bxc4 8. Bxc4 Be7 9. Nc3 cxd4 10. exd4 Bxf3 11. Qxf3 d5 12. Bb3 0-0 13. Rac1 Nc6 14. Rfd1 Na5 15. Na4 Nxb3 16. Qxb3 Bd6 17. Bxd6 Qxd6 18. Nc5 Rfb8 19. Qc2 h5 20. b3 Ng4 21. g3 a5 22. Qe2 Rb4 23. Rc2 Nf6 24. Kg2 g6 25. f4 Rc8 26. Qd3 Ng4 27. Rdc1 Nh6 28. a3 Rbb8 29. Qd2 Nf5 30. b4 axb4 31. axb4 Ra8 32. Kf2 Rcb8 33. Rb1 Ra3 34. Rc3 Rxc3 35. Qxc3 h4 36. b5 hxg3+ 37. hxg3 1/2-1/2

[Event "GER-chT U20"]
[Site "Braunschweig"]
[Date "2019.12.27"]
[Round "1.6"]
[White "Richter, Philipp2222"]
[Black "Schimnatkowski, Lukas"]
[Result "1/2-1/2"]
[WhiteElo "2084"]
[BlackElo "2157"]
[PlyCount "82"]
[EventDate "2019.12.27"]
[EventType "team-swiss"]
[EventRounds "7"]
[EventCountry "GER"]
[SourceTitle "CBM 194 Extra"]
[Source "ChessBase"]
[SourceDate "2020.03.31"]
[SourceVersion "1"]
[SourceVersionDate "2020.03.31"]
[SourceQuality "1"]
[WhiteTeam "Dresden TU"]
[BlackTeam "Essen Katernberg"]
[WhiteTeamCountry "GER"]
[BlackTeamCountry "GER"]

1. d4 Nf6 2. c4 e6 3. Nc3 Bb4 4. Qc2 c5 5. dxc5 Bxc5 6. Bf4 b6 7. Nf3 a6 8. e3 Bb7 9. Be2 Be7 10. 0-0 d6 11. h3 Nbd7 12. Rfd1 Qc7 13. Qd2 e5 14. Bg3 0-0 15. Ne1 Rfd8 16. f3 Rac8 17. Bf2 e4 18. f4 d5 19. cxd5 Nc5 20. Nc2 Nxd5 21. Nxd5 Bxd5 22. Nd4 Qb7 23. g4 Nd3 24. Bxd3 exd3 25. Qxd3 Bg2 26. Kh2 Rd6 27. Rg1 Be4 28. Qe2 Bf6 29. Rac1 Rcd8 30. Rc3 Qb8 31. Rgc1 g5 32. Nc6 Rxc6 33. Rxc6 gxf4 34. Kg1 Bxc6 35. Rxc6 fxe3 36. Rxf6 exf2+ 37. Qxf2 Qb7 38. Rxb6 Rd1+ 39. Kh2 Rh1+ 40. Kg3 Qc7+ 41. Kh4 Qe7+ 1/2-1/2

[Event "Oberliga NRW 1920"]
[Site "Germany"]
[Date "2019.11.10"]
[Round "3.5"]
[White "Sandkamp, Ralph"]
[Black "Schimnatkowski, Lukas"]
[Result "0-1"]
[WhiteElo "2192"]
[BlackElo "2147"]
[PlyCount "74"]
[EventDate "2019.09.15"]
[EventType "team-tourn"]
[EventRounds "9"]
[EventCountry "GER"]
[SourceTitle "CBM 195 Extra"]
[Source "ChessBase"]
[SourceDate "2020.05.31"]
[SourceVersion "1"]
[SourceVersionDate "2020.05.31"]
[SourceQuality "1"]
[WhiteTeam "Wattenscheid"]
[BlackTeam "Essen Katernberg"]
[WhiteTeamCountry "GER"]
[BlackTeamCountry "GER"]

1. e4 c5 2. Nc3 a6 3. Nf3 d6 4. d4 cxd4 5. Nxd4 g6 6. Be3 Nf6 7. f3 Bg7 8. Qd2 Nbd7 9. g4 b5 10. g5 Nh5 11. a4 b4 12. Nd5 Bb7 13. Qxb4 Rb8 14. Qd2 0-0 15. Ra2 Ne5 16. Be2 e6 17. Nc3 d5 18. exd5 Bxd5 19. Nxd5 Qxd5 20. b3 Ng4 21. Bc4 Qb7 22. Bxa6 Qa8 23. fxg4 Qxh1+ 24. Bf1 e5 25. Nb5 Nf4 26. Bxf4 exf4 27. Qg2 Qxg2 28. Bxg2 f5 29. gxf6 Bxf6 30. Bd5+ Kg7 31. c4 f3 32. Nc7 Bh4+ 33. Kf1 Rxb3 34. Ne6+ Kh8 35. Ra1 Rfb8 36. Be4 Re3 37. Bd5 f2 0-1